|
|
|
|
| LEADER |
00000nam2a2200000 4500 |
| 001 |
117031 |
| 005 |
20231101215353.0 |
| 035 |
|
|
|a (RuTPU)RU\TPU\book\126648
|
| 035 |
|
|
|a RU\TPU\book\114385
|
| 090 |
|
|
|a 117031
|
| 100 |
|
|
|a 20061129d1970 k y0rusy50 ca
|
| 101 |
1 |
|
|a rus
|c eng
|
| 102 |
|
|
|a RU
|
| 105 |
|
|
|a a z 001zy
|
| 200 |
0 |
|
|a Т. 2 : Динамика
|h Ч. 2 (главы 5-9)
|f пер. В. Н. Бранца, В. В. Вериго, Г. Ю. Данкова
|
| 210 |
|
|
|a Москва
|c Наука
|d 1970
|
| 215 |
|
|
|a 744 с.
|c ил.
|
| 320 |
|
|
|a Имен. указ.: с. 741.
|
| 320 |
|
|
|a Предм. указ.: с. 742-744.
|
| 320 |
|
|
|a Библиогр. в конце гл.
|
| 461 |
|
1 |
|0 (RuTPU)RU\TPU\book\132902
|t Космический полет
|o в 3 т.
|o пер. с англ.
|f К. Эрике
|v Т. 2 : Динамика. Ч. 2 (главы 5-9))
|d 1963-1970
|s Основы проектирования управляемых снарядов
|
| 606 |
1 |
|
|a Межпланетные полеты
|2 stltpush
|3 (RuTPU)RU\TPU\subj\41959
|9 61724
|
| 610 |
1 |
|
|a космические полеты
|
| 610 |
1 |
|
|a межпланетные полеты
|
| 610 |
1 |
|
|a баллистика
|
| 610 |
1 |
|
|a орбиты
|
| 610 |
1 |
|
|a спутники
|
| 610 |
1 |
|
|a траектории
|
| 610 |
1 |
|
|a малая тяга
|
| 610 |
1 |
|
|a Луна
|
| 675 |
|
|
|a 629.787
|v 3
|
| 702 |
|
1 |
|a Бранц
|b В. Н.
|4 730
|
| 702 |
|
1 |
|a Вериго
|b В. В.
|4 730
|
| 702 |
|
1 |
|a Данков
|b Г. Ю.
|4 730
|
| 801 |
|
1 |
|a RU
|b 63413507
|c 20070530
|g PSBO
|
| 801 |
|
2 |
|a RU
|b 63413507
|c 20221012
|g RCR
|
| 942 |
|
|
|c BK
|